| 000 | 00419nam a2200169Ia 4500 | ||
|---|---|---|---|
| 005 | 20250423095131.0 | ||
| 008 | 250422s9999 xx 000 0 und d | ||
| 020 | _a978-34830-8-0 | ||
| 050 | _aLB 3060.82 .E38/ | ||
| 245 | 0 | _aEducation a compilation of standards | |
| 260 | _aLagos | ||
| 260 | _bSocio Economic Rights Initiative (SERI) | ||
| 260 | _c2003 | ||
| 300 | _a126 p | ||
| 650 | _aEducation | ||
| 942 | _cBK | ||
| 999 |
_c29342 _d29342 |
||